000 00408nam a2200181Ia 4500
008 210210b1922 xxu||||| |||| 00| 0 eng d
041 _aeng
082 _a170/25
100 _aSIDGWICK (Henry)
245 _aMethods of ethics
260 _aLondon
_bMacmillan & Co. Ltd.
_c1922
300 _axxxvi,528
650 _aof
650 _aMethods
650 _aethics
690 _aEthics
906 _a001234
999 _c116121
_d116121